000 00415nam a22001457a 4500
005 20250602114308.0
008 250602b |||||||| |||| 00| 0 eng d
020 _a9780851112572
050 _aBV4597
_bS3 STO
100 _aSTOTT, JOHN
245 _aCALLING CHRISTIAN LEADERS;
_bBIBLICAL MODELS OF CHURCH, GOSPEL AND MINISTRY
260 _aEngland
_bInter-Varsity Press
_cc2002
300 _a150p
942 _2lcc
_cBK
_n0
999 _c6127
_d6127